<?xml version="1.0" encoding="UTF-8"?>
<marc:record xmlns:marc="http://www.loc.gov/MARC21/slim">
   <marc:leader>00000nam a2200000 a 4500</marc:leader>
   <marc:datafield ind1=" " ind2=" " tag="653">
      <marc:subfield code="a">Theater</marc:subfield>
   </marc:datafield>
   <marc:datafield ind1=" " ind2=" " tag="653">
      <marc:subfield code="a">Babysitter</marc:subfield>
   </marc:datafield>
   <marc:datafield ind1=" " ind2=" " tag="653">
      <marc:subfield code="a">Mülltrennung</marc:subfield>
   </marc:datafield>
   <marc:datafield ind1=" " ind2=" " tag="653">
      <marc:subfield code="a">Conni</marc:subfield>
   </marc:datafield>
   <marc:datafield ind1=" " ind2=" " tag="653">
      <marc:subfield code="a">Mädchen</marc:subfield>
   </marc:datafield>
   <marc:datafield ind1=" " ind2=" " tag="653">
      <marc:subfield code="a">Animationsfilm</marc:subfield>
   </marc:datafield>
   <marc:datafield ind1=" " ind2=" " tag="653">
      <marc:subfield code="a">Strand</marc:subfield>
   </marc:datafield>
   <marc:datafield ind1="0" ind2="0" tag="245">
      <marc:subfield code="a">Conni und der Babysitter [Bildtonträger]</marc:subfield>
   </marc:datafield>
   <marc:datafield ind1="0" ind2="0" tag="245">
      <marc:subfield code="b">Vier Geschichten mit Conni</marc:subfield>
   </marc:datafield>
   <marc:datafield ind1=" " ind2="1" tag="264">
      <marc:subfield code="a">München</marc:subfield>
      <marc:subfield code="b">Sony Music</marc:subfield>
      <marc:subfield code="c">2017</marc:subfield>
   </marc:datafield>
   <marc:datafield ind1="1" ind2=" " tag="490">
      <marc:subfield code="a">Meine Freundin Conni</marc:subfield>
      <marc:subfield code="v">13</marc:subfield>
   </marc:datafield>
   <marc:datafield ind1="1" ind2=" " tag="520">
      <marc:subfield code="a">"Connie und der Babysitter": "Ich bin doch kein Baby mehr!", protestiert Conni, als Mama und Papa für einen Abend einen Babysitter suche. Sie will kein fremdes Mädchen, das auf sie aufpasst und ihr sagt, wann sie ins Bett gehen soll. Doch als sie Marie kennenlernt, stellt sie am Ende Fest: Ein Babysitter kann eine super Freundin sein! "Conni spielt Theater": Als Hanne die Geschichte vom kleinen Laternenfilsch vorliest, kenn die Kinder diese schon auswendig. "Dann spielt sie doch mal nach", schlägt Hanne vor. "So richtig wie im Theater?" - "Ja!" "Conni und der Dreck-weg-Tag": Conni ärgert sich: Da hat schon wieder jemand Müll über den Zaun in den Kindergarten geworfen! Und auch im Park liegt überall Müll herum... "Conni am Strand": Wozu braucht man einen Leuchtturm? Was sind Ebbe und Flut? Wie viele Tiere gibt es am Strand, und was passiert mit dem kleinen Seehund, der sich verirrt hat? Conni hätte nie gedacht, dass es so viel zu entdecken und zu fragen gibt, wenn man Urlaub am Meer macht.</marc:subfield>
   </marc:datafield>
   <marc:datafield ind1=" " ind2=" " tag="020">
      <marc:subfield code="a">? 10,00</marc:subfield>
      <marc:subfield code="9">? 10,00</marc:subfield>
   </marc:datafield>
   <marc:datafield ind1=" " ind2=" " tag="041">
      <marc:subfield code="a">ger</marc:subfield>
   </marc:datafield>
   <marc:datafield ind1="0" ind2=" " tag="490">
      <marc:subfield code="v">13.</marc:subfield>
   </marc:datafield>
   <marc:datafield ind1=" " ind2=" " tag="300">
      <marc:subfield code="a">45' : 1 DVD</marc:subfield>
   </marc:datafield>
</marc:record>
